<?xml version="1.0" encoding="UTF-8"?>
<record
    xmlns:xsi="http://www.w3.org/2001/XMLSchema-instance"
    xsi:schemaLocation="http://www.loc.gov/MARC21/slim http://www.loc.gov/standards/marcxml/schema/MARC21slim.xsd"
    xmlns="http://www.loc.gov/MARC21/slim">

  <leader>02487nas a2200277Ia 4500</leader>
  <controlfield tag="001">R050-R1006</controlfield>
  <controlfield tag="003">IT-CnALBA</controlfield>
  <controlfield tag="008">170116c99999999xx ||||||||||||   ||und||</controlfield>
  <datafield tag="040" ind1=" " ind2=" ">
    <subfield code="a">IT-CnALBA</subfield>
    <subfield code="c">IT-CnALBA</subfield>
  </datafield>
  <datafield tag="041" ind1=" " ind2=" ">
    <subfield code="a">POLIGLOTTA </subfield>
  </datafield>
  <datafield tag="100" ind1=" " ind2=" ">
    <subfield code="a">POLVERINI LENADRO</subfield>
  </datafield>
  <datafield tag="210" ind1=" " ind2=" ">
    <subfield code="a">AEVUM</subfield>
  </datafield>
  <datafield tag="222" ind1=" " ind2=" ">
    <subfield code="a">AEVUM</subfield>
  </datafield>
  <datafield tag="245" ind1=" " ind2="0">
    <subfield code="a">AEVUM. RASSEGNA DI SCIENZE STORICHE, LINGUISTICHE E FILOSOFICHE. N. I-VI ANNO XXXIX. 1965. </subfield>
  </datafield>
  <datafield tag="250" ind1=" " ind2=" ">
    <subfield code="a">1a ed.</subfield>
  </datafield>
  <datafield tag="260" ind1=" " ind2=" ">
    <subfield code="a">MILANO</subfield>
    <subfield code="b">VITA E PENSIERO. SOCIET&#xC0; EDITRICE</subfield>
    <subfield code="c">1965</subfield>
  </datafield>
  <datafield tag="300" ind1=" " ind2=" ">
    <subfield code="a">598 p. </subfield>
  </datafield>
  <datafield tag="310" ind1=" " ind2=" ">
    <subfield code="a">BIMESTRALE</subfield>
  </datafield>
  <datafield tag="362" ind1=" " ind2=" ">
    <subfield code="a">Fascicolo: 1-6 / Anno: 39 (1965)</subfield>
  </datafield>
  <datafield tag="500" ind1=" " ind2=" ">
    <subfield code="a">FR. FRANCESCO M. DA VICENZA, ARCHITETTO. AUTOGRAFI ALEARDIANI. LEZIONE SUL BEATO ANGELICO. MEDITATIONES DEL BEATO GUIDO CERTOSINO. FONTI DELLA DUPLICE ELEZIONE PAPALE 1130. BOLLA TRANSITURUS. GIACOMO DA VITRY E MOVIMENTO FRANCESCANO. ULTIMO REBORA. TIESTE DI SENECA. MISCELLANEA: FRAMMENTO EPICO DI PEDONE. NOTE A LUCILIO. STAZIO E ARRUNZIO STELLA. ORIGINI FASCISMO IN SICILIA. SCAMBIO EPISTOALRE TRA BRESCIA E COSTANZA. RECENSIONI: DOTTRINA SUI POTERI DELLA CHIESA UNIVERSALE. APPENDICE VIRGILIANA: EPIGRAMMATA ET PRIAPEA. NIGIDIO FICULO. LE PRINCE SELON FENELON. DECADENTISMO E CRITICA. SCHELE BIBLIOGRAFICHE. NOTIZIARIO, CONVEGNO STUDI COLOMBIANI, CERTAMEN CAPITOLINUM XVII. AUTORI: FERRARI L. KOEGL J. ROMBALDI O. DA BERGAMO M. BETTO B. ALFONSI L. ZANOLA E. FRANCESCHETTI G. LICATA G. SOMMARIO GENERALE DELL'ANNATA 1965. </subfield>
  </datafield>
  <datafield tag="501" ind1=" " ind2=" ">
    <subfield code="a">Societ&#xE0; San Paolo EM - Piazza San Paolo, 14 - 12051 ALBA (CN)  (non commercial uses only) &#xAE; Copyright 2017</subfield>
  </datafield>
  <datafield tag="520" ind1=" " ind2=" ">
    <subfield code="a">FR. FRANCESCO M. DA VICENZA, ARCHITETTO. AUTOGRAFI ALEARDIANI. LEZIONE SUL BEATO ANGELICO. MEDITATIONES DEL BEATO GUIDO CERTOSINO. FONTI DELLA DUPLICE ELEZIONE PAPALE 1130. BOLLA TRANSITURUS. GIACOMO DA VITRY E MOVIMENTO FRANCESCANO. ULTIMO REBORA. TIESTE DI SENECA. MISCELLANEA: FRAMMENTO EPICO DI PEDONE. NOTE A LUCILIO. STAZIO E ARRUNZIO STELLA. ORIGINI FASCISMO IN SICILIA. SCAMBIO EPISTOALRE TRA BRESCIA E COSTANZA. RECENSIONI: DOTTRINA SUI POTERI DELLA CHIESA UNIVERSALE. APPENDICE VIRGILIANA: EPIGRAMMATA ET PRIAPEA. NIGIDIO FICULO. LE PRINCE SELON FENELON. DECADENTISMO E CRITICA. SCHELE BIBLIOGRAFICHE. NOTIZIARIO, CONVEGNO STUDI COLOMBIANI, CERTAMEN CAPITOLINUM XVII. AUTORI: FERRARI L. KOEGL J. ROMBALDI O. DA BERGAMO M. BETTO B. ALFONSI L. ZANOLA E. FRANCESCHETTI G. LICATA G. SOMMARIO GENERALE DELL'ANNATA 1965. </subfield>
  </datafield>
  <datafield tag="650" ind1=" " ind2=" ">
    <subfield code="a">STORIA - LINGUISTICA - FILOLOGIA</subfield>
  </datafield>
  <datafield tag="942" ind1=" " ind2=" ">
    <subfield code="c">CR</subfield>
  </datafield>
  <datafield tag="957" ind1=" " ind2=" ">
    <subfield code="7">1</subfield>
  </datafield>
  <datafield tag="999" ind1=" " ind2=" ">
    <subfield code="a">10983</subfield>
    <subfield code="b">NO</subfield>
    <subfield code="g">1</subfield>
    <subfield code="c">319462</subfield>
    <subfield code="d">319462</subfield>
  </datafield>
  <datafield tag="952" ind1=" " ind2=" ">
    <subfield code="0">0</subfield>
    <subfield code="1">0</subfield>
    <subfield code="4">0</subfield>
    <subfield code="6">R_050R1006</subfield>
    <subfield code="7">1</subfield>
    <subfield code="a">ALBA</subfield>
    <subfield code="b">ALBA</subfield>
    <subfield code="d">2017-01-16</subfield>
    <subfield code="l">0</subfield>
    <subfield code="o">R050-R1006</subfield>
    <subfield code="r">2017-01-16 00:00:00</subfield>
    <subfield code="w">2017-01-16</subfield>
    <subfield code="y">CR</subfield>
    <subfield code="z">(data import: 16 gennaio 2017) - By Epidotti, Vaglietti. </subfield>
  </datafield>
</record>
